000 00337nam a2200157Ia 4500
001 3628
003 IN-NITTTR
005 20251114232949.0
008 251113s9999||||xx |||||||||||||| ||eng||
040 _beng
040 _cIN-NITTTR
041 _aeng
082 _a621.7 B173M
245 0 _aModern workshop technology /
942 _2ddc
_cBK
999 _c5957
_d5957